A Political Geography of the British Empire / (Record no. 187223)
[ view plain ]
| 000 -LEADER | |
|---|---|
| fixed length control field | 01110 a2200169 4500 |
| 003 - CONTROL NUMBER IDENTIFIER | |
| control field | NUST |
| 005 - DATE AND TIME OF LATEST TRANSACTION | |
| control field | 20230131153644.0 |
| 040 ## - CATALOGING SOURCE | |
| Transcribing agency | Nust |
| 082 ## - DEWEY DECIMAL CLASSIFICATION NUMBER | |
| Classification number | 941.1,FAW |
| 100 ## - MAIN ENTRY--PERSONAL NAME | |
| Personal name | Fawcett.C.B |
| 9 (RLIN) | 108297 |
| 245 ## - TITLE STATEMENT | |
| Title | A Political Geography of the British Empire / |
| Statement of responsibility, etc. | C.B.Fawcett and B Litt |
| 260 ## - PUBLICATION, DISTRIBUTION, ETC. | |
| Place of publication, distribution, etc. | London |
| Name of publisher, distributor, etc. | University Of London |
| Date of publication, distribution, etc. | 1933 |
| 300 ## - PHYSICAL DESCRIPTION | |
| Extent | 408:p. |
| 505 ## - FORMATTED CONTENTS NOTE | |
| Formatted contents note | Introduction (Page-1), The Geographical Position Of The Lands Of The Empire (Page-11), The Peoples Of The Empire (Page-23), The British Commonwealth (Page-34), The Dependencies (Page-49), Seaways And Airways (Page-59), The British Isles (Page-69), Canada (Page-117), Newfoundland (Page-146), Australia (Page-150), Newzealand (Page-178), South Africa (Page-188), India (Page-220), The British Empire In Southeastern Asia (Page-258), The British Empire In Near East (Page-272), The British Empire In East Africa (Page-299), The British Empire In West Africa (Page-316), The Smaller Scattered Dependencies (Page-331), Some World Relations Of The British Empire (Page-365). |
| 650 ## - SUBJECT ADDED ENTRY--TOPICAL TERM | |
| Topical term or geographic name entry element | political Geography |
| 9 (RLIN) | 33745 |
| 942 ## - ADDED ENTRY ELEMENTS (KOHA) | |
| Source of classification or shelving scheme | |
| Koha item type | Book |
| Call number prefix | 941.1,FAW |
| Withdrawn status | Lost status | Source of classification or shelving scheme | Damaged status | Not for loan | Permanent Location | Current Location | Shelving location | Date acquired | Full call number | Barcode | Date last seen | Price effective from | Koha item type | Public note |
|---|---|---|---|---|---|---|---|---|---|---|---|---|---|---|
| Military College of Signals (MCS) | Military College of Signals (MCS) | General Stacks | 12/12/2016 | 941.1,FAW | MCS29132 | 12/08/2016 | 12/12/2016 | Book | Almirah No.60, Shelf No.4 |
